| 000 | 00581 a2200193 4500 | ||
|---|---|---|---|
| 999 |
_c30257 _d30257 |
||
| 003 | NUST | ||
| 005 | 20180118114954.0 | ||
| 008 | 180118b xxu||||| |||| 00| 0 eng d | ||
| 020 | _a0122673514 | ||
| 020 | _a9780122673511 | ||
| 082 | _a539.60113 | ||
| 100 | 1 |
_aFrenkel, Daan. _98638 |
|
| 245 | 1 | 0 |
_aUnderstanding molecular simulation, second edition : _bfrom algorithms to applications / _cDaan Frenkel, Berend Smit. |
| 250 | _a2nd ed. | ||
| 260 |
_a[S.l.] : _bAcademic Press, _c2002. |
||
| 300 |
_a664 p. ; _c24 cm. |
||
| 490 | 1 | _aComputational science. | |
| 700 | 1 |
_aSmit, Berend. _98639 |
|
| 830 | 0 |
_aComputational science. _98640 |
|
| 942 |
_aSNS _cBK _k539.60113 FRE _2ddc |
||